Riešenie úloh anizotropickej difúzie na nerovnomerných výpočtových sieťach
Na minha lista:
| Autor principal: | |
|---|---|
| Outros Autores: | |
| Formato: | Manuscrito Livro |
| Idioma: | eslovaco |
| Publicado em: |
2019
|
| Assuntos: | |
| Acesso em linha: | http://is.stuba.sk/zp/portal_zp.pl?podrobnosti=137328 https://opac.crzp.sk/?fn=detailBiblioForm&sid=F8FE310152E9D1F1EB164E41F7FB |
| Tags: |
Sem tags, seja o primeiro a adicionar uma tag!
|
MARC
| LEADER | 00000ntm a22000003a 4500 | ||
|---|---|---|---|
| 001 | stuzp74825 | ||
| 003 | SK-STU | ||
| 005 | 20230525144509.2 | ||
| 007 | ta | ||
| 008 | 150427s2015----xo-----f-mn---000-0-slo-d | ||
| 040 | |a STU |b slo | ||
| 041 | 0 | |a slo | |
| 100 | 1 | |a Bejdák, Martin |u 010220 |4 aut |U SvF Stavebná fakulta |T SvF Katedra matematiky a deskriptívnej geometrie |X 87812 |U V220 |Y 23 |7 87812 | |
| 242 | 0 | 1 | |a Solution of anisotropic diffusion problems on nonuniform grids |y eng |
| 245 | 1 | 0 | |a Riešenie úloh anizotropickej difúzie na nerovnomerných výpočtových sieťach |
| 260 | |c 2019 | ||
| 650 | 4 | |a numerické riešenie |2 slo | |
| 650 | 4 | |a nerovnomerná sieť |2 slo | |
| 650 | 4 | |a metóda konečných objemov |2 slo | |
| 650 | 4 | |a iteračná metóda |2 slo | |
| 650 | 4 | |a Poissonova rovnica |2 slo | |
| 650 | 4 | |a anizotropická difúzia |2 slo | |
| 650 | 4 | |a numerical solution |2 eng | |
| 650 | 4 | |a non-uniform grid |2 eng | |
| 650 | 4 | |a finite volume method |2 eng | |
| 650 | 4 | |a iterative method |2 eng | |
| 650 | 4 | |a Poisson equation |2 eng | |
| 650 | 4 | |a anisotropic diffusion |2 eng | |
| 700 | 1 | |a Mikula, Karol |u 010220 |k Z1 |4 ths |U SvF Stavebná fakulta |T SvF Katedra matematiky a deskriptívnej geometrie |X 782 |U V220 |Y 23 |7 A000000782 | |
| 856 | 4 | |u http://is.stuba.sk/zp/portal_zp.pl?podrobnosti=137328 | |
| 856 | 4 | |u https://opac.crzp.sk/?fn=detailBiblioForm&sid=F8FE310152E9D1F1EB164E41F7FB | |